| 000 | 00983nam a22002657a 4500 | ||
|---|---|---|---|
| 001 | 9398 | ||
| 003 | FISKH | ||
| 005 | 20251219114028.0 | ||
| 008 | 251219b cb ||||| |||| 00| 0 eng d | ||
| 020 | _a9780590255165 | ||
| 040 |
_aFISKH _beng _cFISKH _dFISKH |
||
| 050 | _aPZ7.K8369 L | ||
| 082 | _a813.54 | ||
| 100 |
_aKorman, Gordon _eAuthor |
||
| 245 |
_aThe last-place sports poems of Jeremy Bloom : _bA collection of poems about winning, losing, and being a good sport (sometimes) / _cGordon Korman and Bernice Korman |
||
| 260 |
_aNew York : _bScholastic Inc. , _c1996 |
||
| 300 |
_a92 pages : _c20 cm |
||
| 490 |
_aJeremy Bloom's poems _v2 |
||
| 520 | _aJeremy Bloom is offered a second chance to pull up his D- grades from the previous year in his teacher's poetry writing class. His topic is sports. | ||
| 521 | 8 |
_aNP
_bRaz-Plus |
|
| 650 |
_aChildren's poetry & rhymes _vChildren's humor |
||
| 650 |
_aPoetry fiction _vSports |
||
| 942 |
_2ddc _cBK _n0 |
||
| 999 |
_c9398 _d9398 |
||